Chuyên ngành trồng trọt
Nội dung tài liệu giới thiệu kỹ thuật trồng cây lúa, cây cải củ, dưa hấu, dưa leo, hành, tỏi, bắp và cây ăn trái.
محفوظ في:
| مؤلفون مشاركون: | , |
|---|---|
| التنسيق: | كتاب |
| اللغة: | Undetermined |
| منشور في: |
Cần Thơ
Trường Đại học Cần Thơ
1994
|
| الموضوعات: | |
| الوسوم: |
إضافة وسم
لا توجد وسوم, كن أول من يضع وسما على هذه التسجيلة!
|
| Thư viện lưu trữ: | Trung tâm Học liệu Trường Đại học Cần Thơ |
|---|
| LEADER | 01052nam a2200217Ia 4500 | ||
|---|---|---|---|
| 001 | CTU_206610 | ||
| 008 | 210402s9999 xx 000 0 und d | ||
| 082 | |a 631.5 | ||
| 082 | |b Tr513 | ||
| 110 | |a Trường Đại học Cần Thơ | ||
| 110 | |b Trung tâm nghiên cứu và phát triển Hệ thống canh tác. Chương trình ECIP | ||
| 245 | 0 | |a Chuyên ngành trồng trọt | |
| 245 | 0 | |c Trường Đại học Cần Thơ. Trung tâm nghiên cứu và phát triển Hệ thống canh tác. Chương trình ECIP | |
| 260 | |a Cần Thơ | ||
| 260 | |b Trường Đại học Cần Thơ | ||
| 260 | |c 1994 | ||
| 520 | |a Nội dung tài liệu giới thiệu kỹ thuật trồng cây lúa, cây cải củ, dưa hấu, dưa leo, hành, tỏi, bắp và cây ăn trái. | ||
| 650 | |a Nông nghiệp,Agriculture | ||
| 650 | |x Kỹ thuật trồng trọt,Plant technology | ||
| 904 | |i Tuyến | ||
| 980 | |a Trung tâm Học liệu Trường Đại học Cần Thơ | ||